000 00578nam a2200193 i 4500
001 150059
003 ES-MaACL
005 20251001175513.0
007 t|
008 071026s1966 sp ||||1| spa d
100 1 _aVallotton, Henry.
_9112926
245 1 0 _aBismarck e Hitler /
_cHenry Vallotton.
260 _aMadrid :
_bFermín Uriarte,
_c[1966]
300 _a393 p. :
_bil. ;
_c22 cm.
600 1 4 _aBismarck, Otto,
_cFürst von
_929016
600 1 4 _aHitler, Adolf,
_d1889-1945
_963836
852 _aES-MaACL
_jC-34394
_bR.65091
999 _c150059
_d150059